Vlastivěda 5 : pro 5. ročník základní školy. Od začátku novověku po současnost /

Hlavní autor: Fejfušová, Marie
Další autoři: Vykoupil, Libor, 1956-
Jazyk: Čeština
Vydáno: Brno : Nová škola - Duha, [2024]
Vydání: Třetí vydání
Edice: Čtení s porozuměním
Témata:
Fyzický popis: 2 svazky (48; 35 stran) : ilustrace (převážně barevné), mapy, portréty, faksimile ; 30 cm
Odebírané svazky: učebnice, pracovní sešit
LEADER 03032nam a2200673 ia4500
001 nkc20253682282
003 CZ PrNK
005 20250905104036.0
007 ta
008 250417s2024 xr abchc p 001 0 cze
015 |a cnb003682282 
020 |a 978-80-88651-19-2  |q (učebnice ;  |q brožováno) 
020 |a 978-80-88651-15-4  |q (pracovní sešit ;  |q brožováno) 
035 |a (OCoLC)1519103064 
040 |a ABA001  |b cze  |e rda 
043 |a e-xr--- 
045 |a t-y- 
072 7 |a 94(437)  |x Dějiny Česka a Slovenska  |2 Konspekt  |9 8 
072 7 |a 37.016  |x Učební osnovy. Vyučovací předměty. Učebnice  |2 Konspekt  |9 22 
080 |a 908  |2 MRF 
080 |a 94(437.3)  |2 MRF 
080 |a (437.3)  |2 MRF 
080 |a (075.2)  |2 MRF 
080 |a (076.1)  |2 MRF 
100 1 |a Fejfušová, Marie  |7 mzk2009512620  |4 aut 
245 1 0 |a Vlastivěda 5 :  |b pro 5. ročník základní školy.  |p Od začátku novověku po současnost /  |c Marie Fejfušová, Libor Vykoupil 
246 3 |a Vlastivěda pro 5. ročník základní školy 
246 3 0 |a Od začátku novověku po současnost 
250 |a Třetí vydání 
264 1 |a Brno :  |b Nová škola - Duha,  |c [2024] 
300 |a 2 svazky (48; 35 stran) :  |b ilustrace (převážně barevné), mapy, portréty, faksimile ;  |c 30 cm 
336 |a text  |b txt  |2 rdacontent 
337 |a bez média  |b n  |2 rdamedia 
338 |a svazek  |b nc  |2 rdacarrier 
490 1 |a Čtení s porozuměním 
500 |a Vytvořeno v souladu s RVP ZV 2023 pro vzdělávací oblast: Člověk a jeho svět 
500 |a Údaj o vydání v pracovním sešitě: třetí upravené vydání 
500 |a Klíče tištěny zvratmo 
500 |a Obsahuje rejstřík 
648 7 |a 16.-21. století  |7 ch757033  |2 czenas 
650 0 7 |a vlastivěda  |7 ph137666  |2 czenas 
650 0 9 |a homeland studies  |2 eczenas 
651 7 |a Česko  |7 ge128065  |x dějiny  |y 16.-21. století  |2 czenas 
651 9 |a Czechia  |x history  |y 16th-21st centuries  |2 eczenas 
655 7 |a učebnice základních škol  |7 fd133773  |2 czenas 
655 7 |a pracovní sešity  |7 fd133116  |2 czenas 
655 9 |a textbooks (elementary)  |2 eczenas 
655 9 |a activity books  |2 eczenas 
700 1 |a Vykoupil, Libor,  |d 1956-  |7 jn20000919274  |4 aut 
740 0 2 |a Člověk a jeho svět 
787 0 8 |i Soubor doplňuje:  |t Metodický průvodce k učebnicím a pracovním sešitům Vlastivěda 5 
830 0 |a Čtení s porozuměním  |0 s 
910 2 |a BOA001  |b 4-1544.149  |s učebnice, pracovní sešit 
990 |a BK 
995 |a 01 
996 6 |b 2611001964  |c 4-1544.149  |d 1, učebnice  |v 1  |l MZK  |r Sklad / do 1 hodiny  |n 0  |p p.v.  |w 002004012  |u 000010  |a 1  |e BOA001  |j MZK50  |s P 
996 7 |b 2611001965  |c 4-1544.149  |d 1, učebnice  |v 1  |l MZK  |r Sklad / do 1 hodiny  |n 1  |p p.v.  |w 002004012  |u 000020  |a 1  |e BOA001  |j MZK50  |s A 
996 6 |b 2611001966  |c 4-1544.149  |d 2, pracovní sešit  |v 2  |l MZK  |r Sklad / do 1 hodiny  |n 0  |p p.v.  |w 002004012  |u 000030  |a 1  |e BOA001  |j MZK50  |s P 
996 7 |b 2611001967  |c 4-1544.149  |d 2, pracovní sešit  |v 2  |l MZK  |r Sklad / do 1 hodiny  |n 1  |p p.v.  |w 002004012  |u 000040  |a 1  |e BOA001  |j MZK50  |s A